000 00423nam a2200145 4500
001 140258
003 ES-MaACL
007 t|
008 070214s1952 sp r ||||1| spa d
100 1 _aSegovia Rodríguez, Paz.
_9105158
245 1 0 _aComo un secreto
_b: novela /
_cPaz Castilla [seud.].
260 _aMadrid :
_bPueyo,
_c1952 (
_fVda. de Galo Sèz)
300 _a473 p. ;
_c19 cm.
852 _aES-MaACL
_jC-7943
_bR.34102
999 _c140258
_d140258